[Event "Kathmandu Open 2018"]
[Site "Kathmandu"]
[Date "2018.04.14"]
[Round "4"]
[White "Mirzoev, Azer"]
[Black "Shyaamnikhil P"]
[Result "1/2-1/2"]
[WhiteElo "2504"]
[BlackElo "2385"]
[Annotator "TA"]
[PlyCount "213"]
[EventDate "2018.??.??"]
[EventType "swiss"]
[EventCountry "NEP"]
[SourceTitle "playchess.com"]
[Source "ChessBase"]
[SourceQuality "1"]

{[%evp 17,213,13,10,5,19,9,9,7,11,0,0,0,0,-4,6,0,0,0,1,0,14,6,14,0,0,0,0,-37,18,21,25,18,12,14,18,17,19,0,27,7,2,0,12,0,12,0,2,0,0,0,0,0,0,0,10,5,30,30,54,4,12,5,9,4,21,18,18,8,8,8,55,50,93,90,148,73,160,53,69,0,44,0,293,218,381,58,347,112,120,124,95,76,77,79,81,77,76,75,94,64,70,41,50,47,101,100,106,107,109,110,179,125,117,86,75,51,125,126,133,133,133,133,133,53,53,53,53,53,53,53,53,53,53,53,53,53,53,53,53,53,53,53,53,0,53,0,53,53,54,54,54,0,54,54,54,0,56,0,57,0,57,0,0,0,0,0,0,0,0,0,0,0,0,0,0,0,0,0,0,0,0,0,0,0,0,0,0,0,0,0,0,0,0,0,0,0,0,0]} 1. Nf3 Nf6 2. d4 g6 3. Bg5 Bg7 4. Nbd2 O-O 5. c3 d5 6. e3 b6 7. Be2 Bb7 8. O-O c5 9. a4 {D03: 1 d4 d5 2 Nf3 Nf6 3 Bg5, including Torre Attack with early ...d5} Nc6 {LiveBook: 16 Games} 10. Bh4 $146 {[%cal Bg5h4,Bh4g3,Bg3d6][%mdl 32]} ({Predecessor:} 10. Qb1 h6 11. Bh4 Re8 12. Rd1 Rc8 13. Ne5 Nd7 14. f4 Nf6 15. Bf3 Qd6 16. Qd3 e6 {1-0 (70) Harikrishna,P (2744)-Amonatov,F (2636) Riadh 2017}) 10... Nd7 11. Qb3 Qc8 12. Rfd1 e6 13. Qa3 Re8 14. Bg3 Bf8 15. Qa2 Bg7 16. Rac1 Qd8 17. h3 a6 18. Bd6 c4 19. b3 b5 20. bxc4 bxc4 21. Rb1 Na5 22. Ne5 {[%cal Bf3e5,Be5g4,Bg4e3][%mdl 32]} Bf8 (22... Nxe5 $15 23. dxe5 Bc6) 23. Bxf8 $11 Nxf8 24. e4 Nd7 25. exd5 Bxd5 26. Ng4 Qc7 27. Ne3 Rac8 28. Re1 Nf6 29. Qa3 Rb8 30. Qa2 Rbc8 31. Rec1 Kg7 32. Bf1 e5 33. dxe5 Rxe5 34. Nxd5 Rxd5 35. Re1 Qf4 36. Re3 Rf5 37. Rf3 Qg5 38. Re1 Rxf3 39. Nxf3 Qc5 40. Re5 Qc7 41. Qa3 Nd7 42. Rd5 Nf6 43. Rd4 Nd7 44. Qe7 Nc5 45. Qe3 $36 {[%mdl 2048] White is on the roll.} Nxa4 (45... Ne6 $142) 46. Rh4 (46. Ng5 $142 $1 h6 47. Nxf7 $1 {[%mdl 512]} Kxf7 48. Qxh6) 46... h5 (46... f6 $142) 47. Qd4+ (47. Ng5 $16 Qc5 48. Qg3 (48. Qf4 Qe7 $15)) 47... Kg8 $14 48. Ng5 (48. g4 $1 $14) 48... Rd8 49. Qe3 {[%mdl 1024] White has compensation.} Qc5 $2 {[%mdl 8192]} (49... Nb6 $11) 50. Qg3 $1 $18 Qe7 $2 (50... Qb6 51. Re4 Rf8) 51. Rf4 $2 (51. Re4 $18 Qd7 52. Rf4) 51... Rf8 $2 {[%mdl 8192] [#]} (51... f5 $14) 52. Ne4 $2 (52. Nxf7 $1 $18 {[%mdl 512]} Rxf7 53. Qxg6+ Kf8 54. Qh6+ Kg8 55. Rxf7 Qxf7 56. Qg5+ (56. Qxa6 Qd5 $16) 56... Kh8 57. Qe5+ Kg8 58. Qxa5) 52... Kg7 $16 {[#]} 53. Nf6 $1 Rh8 54. Qg5 Nc6 55. Rxc4 Qxf6 56. Qxf6+ Kxf6 57. Rxc6+ {[%mdl 4096] Endgame KRB-KRN} Ke5 58. Bxa6 Rb8 59. Bc4 Rb7 60. Bd3 h4 (60... Kd5 $14 61. Rc8 Nb6 62. Rd8+ Ke6) 61. Rc4 Nb2 62. Re4+ Kf6 63. Be2 Rb3 (63... Re7 $16 {was called for.} 64. Rf4+ Kg5 65. Rg4+ Kf5) 64. c4 ({Resist} 64. Rxh4 Rxc3 65. f3 Nd3 $16) (64. Rb4 $18 Rxb4 65. cxb4) 64... g5 65. f4 Kf5 66. Re7 Kf6 (66... Kxf4 $14 67. Rxf7+ Ke5) 67. Re5 gxf4 68. Rb5 Rxb5 69. cxb5 {KB-KN} Na4 70. Kf2 (70. Bc4 $16) 70... Ke5 $1 $14 71. Kf3 f5 $1 72. Bd3 Nb6 73. Bc2 Nc4 74. Kf2 $1 Nb6 75. Bb3 Kd4 76. Kf3 Ke5 77. Bf7 Nd7 78. Be8 Nb6 79. Bc6 Nc4 80. Ke2 (80. Bd7 $14) 80... Kd4 (80... Kd6 $11) 81. Bd7 (81. Be8 $1 $14) 81... Ke4 (81... f3+ $11 82. gxf3 f4) 82. Bc8 Nb6 83. Bb7+ $1 Kd4 84. Bc6 Nc4 $1 85. Be8 $1 Ke4 86. Bf7 ({White should try} 86. Kf2 $14) 86... Nb6 (86... Nd6 $11 87. b6 f3+ 88. gxf3+ Kd4) 87. Bb3 (87. Bh5 $1 $14) 87... Kd4 (87... f3+ $1 $11 88. gxf3+ Kd4) 88. Bc2 (88. Kf2 $14) 88... Ke5 (88... Kc5 $11) 89. Kd3 ({Better is} 89. Kf2 $14) 89... Kd5 $1 $11 {The position is equal.} 90. Bb3+ Kc5 91. Be6 Kxb5 92. Kd4 f3 93. gxf3 {Hoping for Ke5.} Kc6 94. Ke5 (94. Bxf5 Kd6 $18) 94... f4 95. Kxf4 Kd6 96. Bb3 Nd7 97. Kg5 {aiming for f4.} Ke7 98. f4 ({Weaker is} 98. Kxh4 Ne5 $18) 98... Nc5 99. Bc4 {And now f5 would win.} Ne4+ 100. Kg6 {Kh5 is the strong threat.} ({Less strong is} 100. Kxh4 Kf6 $18) 100... Kf8 101. Bd5 Nf2 102. Be6 {Black must now prevent Kg5.} Nd3 103. Kg5 {Strongly threatening Bb3.} Nxf4 104. Kxf4 Kg7 105. Kg5 Kh8 106. Bf5 Kg7 107. Kh5 {Precision: White = 51%, Black = 59%.} 1/2-1/2

[Event "Kathmandu Open 2018"]
[Site "Kathmandu"]
[Date "2018.04.14"]
[Round "4"]
[White "Kasparov, Sergey"]
[Black "Gajwa Ankit"]
[Result "1-0"]
[WhiteElo "2462"]
[BlackElo "2292"]
[Annotator "TA"]
[PlyCount "127"]
[EventDate "2018.??.??"]
[EventType "swiss"]
[EventCountry "NEP"]
[SourceTitle "playchess.com"]
[Source "ChessBase"]
[SourceQuality "1"]

{[%evp 12,127,22,12,12,7,24,-1,7,-31,-21,-35,0,0,0,0,13,0,12,5,15,0,0,0,0,0,39,-16,0,-15,-6,-36,21,27,34,0,15,-21,18,0,0,0,35,0,26,27,80,18,25,0,0,0,0,0,0,0,0,0,483,0,0,0,0,0,0,0,24,14,36,-12816,-12818,-12816,-12817,-12821,-12818,-12816,-12813,-12744,0,-7176,-12639,-6800,-6927,-6800,0,-6489,-6489,-6489,-6489,-4134,300,320,322,292,305,321,287,274,267,267,267,267,278,275,598,581,29969,29971,29976,29977,29981,29982,29986,29987,29987,29988,29988,29988]} 1. e4 e5 2. Nf3 Nc6 3. Bb5 a6 4. Ba4 Nf6 5. Bxc6 dxc6 6. d3 Bc5 7. h3 {LiveBook: 9 Games. C77: Ruy Lopez: 3...a6 4 Ba4 Nf6, unusual lines} Qe7 (7... Nd7 8. Nc3 O-O 9. Be3 Bb4 10. O-O Re8 11. Nd2 Nf8 12. a3 Bd6 13. Nc4 Ng6 14. Nxd6 cxd6 {½-½ (36) Grischuk,A (2737)-Aronian,L (2785) Doha 2016}) 8. Nbd2 Nd7 $146 ({Find the theoretical novelty and annotate with similar games:} 8... O-O 9. Nc4 Bd6 10. O-O b5 11. Ne3 c5 12. b3 Be6 13. Ng5 Bd7 14. Bb2 h6 {½-½ (74) Bachmann,A (2505)-Arias,L (2293) Morelia 2008}) 9. Nc4 {White has an edge.} f6 10. Nh4 Nf8 11. Be3 Be6 12. Nf5 Bxf5 $1 13. exf5 O-O-O 14. Qf3 Nd7 15. O-O-O Nb6 16. Nxb6+ (16. Nd2 {NOTEXT} Kb8 17. Kb1 Na4 18. Nb3 Bd6 19. Qg4) 16... cxb6 17. Rhe1 Bxe3+ 18. Qxe3 Rhe8 19. Qe4 (19. Qxb6 $14 Qd7 20. g4) 19... Rd7 20. g4 Qf7 21. b3 Qd5 (21... Rd4 $15 22. Qe3 Red8) 22. Qxd5 $11 cxd5 {[%mdl 4096] Endgame KRR-KRR} 23. c3 b5 24. Kd2 Kd8 25. a4 bxa4 26. bxa4 e4 27. d4 Rd6 28. Rb1 Re7 {[#]} (28... b6 $11 {keeps the balance.}) 29. Rb4 (29. f3 $1 $16) 29... Rc7 30. Reb1 Rdc6 31. R1b3 Kc8 32. a5 Rc4 33. Kc2 R7c6 34. Rb6 Kb8 $2 {[%mdl 8192]} (34... Rxb6 $11 {and Black stays safe.} 35. Rxb6 Ra4) 35. Rxc6 $2 (35. Rxb7+ $18 Kc8 36. Rb8+ (36. Rxg7 Rxd4 37. Rb6 Rxb6 $18) 36... Kd7 37. R3b7+ Rc7 38. Rxc7+ Rxc7 39. Ra8) 35... Rxc6 $18 {KR-KR} 36. Rb4 b5 37. axb6 Kb7 38. Kb3 h5 (38... Rxb6 {NOTEXT} 39. Ka4 Kc7 40. h4 Rc6 41. Rb3 Rb6) 39. gxh5 Rxb6 {aiming for ...a5.} 40. c4 $2 {[%mdl 8192]} (40. Ka4 $14 Ka7 41. c4 dxc4 42. Rxc4) 40... dxc4+ $19 41. Kxc4 Rxb4+ 42. Kxb4 {KP-KP} Kb6 43. Kc4 Kc6 44. Kb4 Kb6 $2 ({Black should play} 44... a5+ $19 45. Kxa5 Kd5) 45. Ka4 $2 {[%mdl 8192]} (45. Kc4 $11 Kc6 46. d5+ Kd6 47. Kd4) 45... a5 46. Ka3 Kb5 47. Kb3 Kb6 $2 ({Black should try} 47... Kc6 $19 48. Kc4 a4) 48. Kc4 $2 {[%mdl 8192]} (48. Ka3 $11) 48... Kc6 49. h4 Kb6 50. Kd5 Kb5 $4 {[%mdl 8192] [#]} (50... a4 $19 {and life is good for Black.} 51. Kc4 Kc6) 51. Ke6 $1 $18 a4 52. d5 a3 53. d6 a2 54. d7 a1=Q 55. d8=Q {KQ-KQ} Qe5+ 56. Kf7 {Threatens to win with Qe8+.} Qxf5 57. Qe8+ ({Resist} 57. Kxg7 Qg4+ 58. Kf8 Qxh5 $18) 57... Kc4 $2 (57... Kb4 58. Kxg7 Qg4+ 59. Qg6 Qd7+ 60. Kxf6 Qd4+ 61. Ke6 e3) 58. Kxg7 Qg4+ 59. Qg6 {White mates.} Qxh4 60. h6 {[%cal Bh5h6,Bh6h7][%mdl 32]} f5 61. h7 Qe7+ 62. Qf7+ Qxf7+ 63. Kxf7 Kd3 64. Ke6 {Precision: White = 32%, Black = 36%.} 1-0

[Event "Kathmandu Open 2018"]
[Site "Kathmandu"]
[Date "2018.04.14"]
[Round "4"]
[White "Llaneza Vega, Marcos"]
[Black "Jati, Bijay"]
[Result "1-0"]
[WhiteElo "2422"]
[BlackElo "1901"]
[Annotator "TA"]
[PlyCount "59"]
[EventDate "2018.??.??"]
[EventType "swiss"]
[EventCountry "NEP"]
[SourceTitle "playchess.com"]
[Source "ChessBase"]
[SourceQuality "1"]

{[%evp 16,59,21,-6,51,-15,20,27,46,32,66,-6,20,0,10,0,57,44,449,451,480,467,781,752,721,630,886,885,916,925,947,941,1308,1277,29968,29966,2550,1562,29977,29979,29974,29973,29980,29982,29982,29982]} 1. e4 c5 2. Nc3 d6 3. g3 Nc6 4. Bg2 g6 5. d3 Bg7 6. Be3 Nf6 7. h3 O-O 8. Nge2 e5 9. Qd2 {LiveBook: 6 Games. B26: Closed Sicilian: 3 g3, lines with early Be3} (9. O-O Nd4 10. Kh2 Nh5 11. Nd5 Be6 12. c3 Nxe2 {½-½ (12) Rublevsky,S (2680)-Gelfand,B (2733) Sochi 2007}) 9... Be6 ({Better is} 9... Nd4 $11) 10. O-O (10. f4 $14) 10... Nd4 11. f4 {The position is equal.} Ne8 12. Rae1 Nc7 $146 ({Predecessor:} 12... Qd7 13. Kh2 f6 14. Nd5 Bxd5 15. exd5 Nxe2 16. Qxe2 Nc7 17. fxe5 fxe5 18. c4 Rxf1 19. Rxf1 {½-½ (41) Ramik,Z (2280)-Brychta,I (2300) Prague 1992}) 13. Nd5 (13. g4 $1 $14) 13... f5 14. c3 Nxe2+ 15. Rxe2 Rc8 (15... fxe4 $11 16. dxe4 Nxd5 17. exd5 Bd7) 16. fxe5 $14 Bxe5 $2 {[%mdl 8192] [#]} (16... Bxd5 $1 $14 17. exd5 Bxe5) 17. Bg5 $18 Qd7 18. Ne7+ Kg7 (18... Kh8 $142 19. exf5 Bxf5 20. Nxc8 Qxc8) 19. exf5 gxf5 20. Nxc8 Rxc8 21. d4 cxd4 22. cxd4 Bxg3 23. Bh6+ Kf7 24. d5 Rg8 25. dxe6+ Nxe6 26. Rxf5+ Ke7 27. Bg5+ {White mates.} Ke8 28. Bd5 Be5 29. Bxe6 Qxe6 30. Rexe5 {Precision: White = 54%, Black =  8%.} 1-0

[Event "Kathmandu Open 2018"]
[Site "Kathmandu"]
[Date "2018.04.14"]
[Round "4"]
[White "Prince, Bajaj"]
[Black "Harshavardhan G B"]
[Result "1/2-1/2"]
[WhiteElo "2409"]
[BlackElo "2119"]
[Annotator "RC"]
[PlyCount "142"]
[EventDate "2018.??.??"]
[EventType "swiss"]
[EventCountry "NEP"]
[SourceTitle "playchess.com"]
[Source "ChessBase"]
[SourceQuality "1"]
[TimeControl "5400+30"]

1. e4 e5 2. Nf3 Nc6 3. Bb5 a6 4. Bxc6 dxc6 5. d4 exd4 6. Qxd4 Qxd4 7. Nxd4 Bd7 8. Nc3 O-O-O 9. Be3 Ne7 10. O-O-O c5 11. Nf3 Nc6 12. Ng5 Be6 13. Rxd8+ Nxd8 14. Nxe6 fxe6 15. h4 Be7 16. Bg5 Re8 17. f3 Bd6 18. Ne2 Nf7 19. Bf4 Bxf4+ 20. Nxf4 Kd8 21. Kd2 Ke7 22. Ke2 Nd8 23. Nd3 b6 24. Ne5 Nf7 25. Nxf7 Kxf7 26. Rd1 Ke7 27. Ke3 b5 28. g4 c4 29. h5 e5 30. Rd5 Ke6 31. f4 exf4+ 32. Kxf4 Rf8+ 33. Rf5 Rd8 34. Re5+ Kf7 35. Rc5 Rd2 36. Rxc7+ Ke6 37. c3 Rf2+ 38. Ke3 Rxb2 39. Rxg7 Rxa2 40. Rxh7 Rg2 41. Kd4 Rxg4 42. Rh6+ Kf7 43. Rxa6 Rg3 44. Rb6 Rd3+ 45. Ke5 Rxc3 46. Rb7+ Kg8 47. Rxb5 Rh3 48. Kf6 c3 49. Rc5 Rf3+ 50. Ke6 Rh3 51. Rc8+ Kg7 52. Rc7+ Kf8 53. e5 Rxh5 54. Rc8+ Kg7 55. Rxc3 Rh6+ 56. Kd7 Ra6 57. e6 Kf6 58. Rf3+ Kg7 59. Rf7+ Kg8 60. Rf1 Ra7+ 61. Ke8 Ra8+ 62. Ke7 Ra7+ 63. Kf6 Kf8 64. Rb1 Rf7+ 65. Ke5 Rf2 66. Rb8+ Ke7 67. Rb7+ Ke8 68. Rb5 Ke7 69. Rb7+ Ke8 70. Rf7 Rxf7 71. exf7+ Kxf7 1/2-1/2

[Event "Kathmandu Open 2018"]
[Site "Kathmandu"]
[Date "2018.04.14"]
[Round "4"]
[White "Fominyh, Alexander"]
[Black "Sandipan, Chanda"]
[Result "1/2-1/2"]
[WhiteElo "2391"]
[BlackElo "2579"]
[Annotator "TA"]
[PlyCount "65"]
[EventDate "2018.??.??"]
[EventType "swiss"]
[EventCountry "NEP"]
[SourceTitle "playchess.com"]
[Source "ChessBase"]
[SourceQuality "1"]

{[%evp 11,65,20,34,31,23,16,8,22,44,31,16,11,18,0,3,0,16,12,54,0,0,-16,-14,-27,-11,-14,-4,-41,-14,-26,-4,-15,-7,-12,0,0,0,0,0,-14,-20,-31,-20,-37,-41,-42,0,0,6,9,43,42,25,37,38,27]} 1. d4 f5 2. c4 Nf6 3. g3 g6 4. Bg2 Bg7 5. Nf3 O-O 6. Nc3 e6 {LiveBook: 11 Games. A86: Dutch Defence: Leningrad System: Unusual lines and 5 Nh3} (6... d6 7. O-O Nc6 8. d5 Na5 9. Nd2 c5 10. Qc2 a6 11. b3 b5 12. Bb2 Bd7 13. e3 Rb8 14. Rab1 Qe8 15. Ne2 bxc4 16. bxc4 Ba4 17. Qd3 Bd7 18. Qa3 Nb7 19. Qxa6 {1-0 (62) Karjakin,S (2783)-Nepomniachtchi,I (2751) chess.com INT 2017}) 7. d5 Na6 8. O-O Nc5 {The position is equal.} 9. dxe6 $146 ({Predecessor:} 9. Be3 Nfe4 10. Nxe4 Nxe4 11. Bd4 c5 12. Bxg7 Kxg7 13. Ne5 d6 14. Nd3 {1-0 (77) Meenakshi,S (2090)-Radha,S (2060) Khomikodze 1998}) 9... dxe6 10. Qxd8 Rxd8 11. Bf4 c6 $1 12. Rfd1 Re8 13. Bd6 Nfd7 14. Nd4 e5 15. Nb3 ({White should play} 15. Nxc6 $14 bxc6 16. Bxc5 Nxc5 17. Bxc6) 15... Ne6 $11 16. Na5 e4 17. Rac1 Ne5 18. c5 Nf7 19. Nc4 Nd4 20. Bf4 Be6 21. Nd6 Nxd6 22. cxd6 Bd7 23. Be3 Ne6 $1 {[%cal Bd4e6,Be6d8,Bd8f7][%mdl 32]} 24. f3 exf3 25. Bxf3 Nd8 26. Bf4 Nf7 27. Na4 {[#] Nc5 is the strong threat.} g5 {[%cal Bg6g5,Bg5g4][%mdl 32]} 28. Bd2 g4 29. Bg2 Rxe2 30. Bf4 $1 {White wants to play Bf1.} Rd8 31. Kf1 {[#]} Rxg2 $1 {[%mdl 512]} 32. Kxg2 {Hoping for Nc5.} b6 $1 33. b4 {Precision: White = 65%, Black = 43%.} 1/2-1/2

[Event "Kathmandu Open 2018"]
[Site "Kathmandu"]
[Date "2018.04.14"]
[Round "4"]
[White "Padmini, Rout"]
[Black "Tarlev, Konstantin"]
[Result "0-1"]
[WhiteElo "2360"]
[BlackElo "2549"]
[Annotator "TA"]
[PlyCount "108"]
[EventDate "2018.??.??"]
[EventType "swiss"]
[EventCountry "NEP"]
[SourceTitle "playchess.com"]
[Source "ChessBase"]
[SourceQuality "1"]

{[%evp 11,108,16,19,16,16,6,4,2,11,2,7,-22,-26,-31,-14,-8,-13,-11,-1,-56,-64,-56,-61,-64,-57,-78,-64,-83,-60,-56,-60,-52,-62,-82,-26,-29,-35,-30,-15,-27,-12,-25,-9,-16,-7,-9,-7,-10,-10,-11,0,-8,-6,-14,-12,-5,-6,-20,-5,-8,-5,-14,0,0,0,-8,0,0,0,0,0,0,0,0,29,0,5,0,26,-4,-5,-47,-5,-77,-4,-11,0,-75,-83,-141,-53,-320,-313,-263,-251,-260,-258,-256,-256]} 1. e4 e5 2. Nf3 Nc6 3. Bc4 Bc5 4. c3 Nf6 5. d3 d6 6. a4 {C54: Giuoco Piano: 4 c3 Nf6, main lines with 5 d4 and 5 d3} (6. O-O a6 7. Re1 Ba7 8. Bb3 O-O 9. h3 h6 10. Nbd2 Re8 11. Nf1 Be6 12. Bc2 d5 13. Qe2 dxe4 14. dxe4 Qe7 15. Ng3 Rad8 16. Nh4 Qf8 17. Nhf5 Ne7 18. Ne3 Ng6 19. Ngf5 Nf4 {½-½ (38) Giri,A (2752)-Carlsen,M (2834) Wijk aan Zee 2018}) 6... a6 {LiveBook: 72 Games} 7. Na3 Ne7 8. Nc2 {The position is equal.} Ng6 $146 ({Find the theoretical novelty and annotate with similar games:} 8... O-O 9. Bg5 Ng6 10. h4 h6 11. h5 Nf4 12. Bxf4 exf4 13. d4 Ba7 {0-1 (33) Beukema,S (2400)-Pruijssers,R (2508) Dieren 2017}) 9. Be3 Bxe3 10. Nxe3 c6 11. d4 Nxe4 12. dxe5 d5 13. Bd3 O-O 14. O-O Qe7 15. c4 ({Better is} 15. Re1 $11) 15... Nxe5 $15 16. Nxe5 Qxe5 17. cxd5 cxd5 18. Bxe4 dxe4 19. Nc4 Qg5 20. Qd4 Be6 21. Qxe4 Bd5 22. h4 Qh5 (22... Rae8 $17 23. Qf3 Qd8) 23. Qe5 Qxe5 24. Nxe5 Rfd8 25. Rfd1 f6 26. Nf3 Bxf3 27. gxf3 $11 {[%mdl 4096] Endgame KRR-KRR} Kf7 28. Kg2 Rac8 29. Rxd8 Rxd8 {KR-KR} 30. Rc1 Ke6 31. Rc4 Rd5 32. Rc7 Rd7 33. Rc4 Kd5 34. b3 b6 35. Rc8 a5 36. h5 Rb7 37. Kg3 Kd4 38. Rc4+ Kd5 39. Rc8 Re7 40. f4 Re1 41. Kg2 Re7 42. Kf3 Kd6 43. Rc1 Rb7 44. Rc8 Re7 45. Rc1 f5 46. Rc3 Re1 47. Rd3+ (47. Kg2 $1 $11 {remains equal.}) 47... Kc6 (47... Kc5 $17 {aiming for ...Rh1.} 48. Rd7 Rh1 49. Rxg7 Rxh5) 48. Rc3+ Kd6 (48... Kd5 $11) 49. Rd3+ $17 Kc5 50. Rd7 {[#]} Rh1 (50... Kb4 $1 $17 51. Rxg7 Kxb3) 51. Rc7+ $2 {[%mdl 8192]} ({White should play} 51. Rxg7 $15 Rxh5 52. Rb7) 51... Kb4 $19 {Black has a decisive advantage.} 52. Rc6 Rh3+ ({And not} 52... Rxh5 53. Rxb6+ Ka3 54. Rb5 $11) 53. Ke2 Rxb3 ({Don't take} 53... Kxb3 54. Rxb6+ Kxa4 55. Rb7 $19) 54. Rxb6+ Kxa4 {Precision: White = 52%, Black = 51%.} 0-1

[Event "Kathmandu Open 2018"]
[Site "Kathmandu"]
[Date "2018.04.14"]
[Round "4"]
[White "L'Ami, Alina"]
[Black "Sudarshan, Malga"]
[Result "1-0"]
[WhiteElo "2316"]
[BlackElo "1889"]
[Annotator "TA"]
[PlyCount "67"]
[EventDate "2018.??.??"]
[EventType "swiss"]
[EventCountry "NEP"]
[SourceTitle "playchess.com"]
[Source "ChessBase"]
[SourceQuality "1"]

{[%evp 32,67,54,45,46,43,75,75,68,70,58,58,89,55,282,224,283,285,300,196,206,189,203,213,771,245,245,245,245,245,246,0,0,0,0,0,1192,554]} 1. d4 d5 2. c4 e6 3. Nf3 Nf6 4. Nc3 Be7 5. Bg5 O-O 6. e3 Nbd7 {[%cal Bb8d7,Bd7f8,Bf8e6][%mdl 32]} 7. cxd5 exd5 8. Bd3 c6 9. Qc2 Re8 10. O-O Nf8 11. h3 g6 12. Ne5 Ne6 {D36: Queen's Gambit Declined: Exchange Variation: Main line (5 Bg5 c6 6 Qc2)} 13. Bh6 Ng7 (13... Bf8 14. Bxf8 Rxf8 15. b4 Qe7 16. Rab1 Ng7 17. Rfc1 Bf5 18. Ne2 Ne4 19. Nc3 Rac8 20. Nxe4 dxe4 {1-0 (63) Aczel,G (2549)-Berkes,F (2658) Budapest 2017}) 14. g4 Nd7 15. f4 Nxe5 16. fxe5 Bg5 17. Bxg5 {LiveBook: 9 Games} Qxg5 18. Qf2 Be6 19. Qf4 Qh4 20. Rf3 Rf8 $146 21. Raf1 Ne8 22. Ne2 f6 $2 (22... Bd7 $14) 23. Qh2 Rd8 24. Nf4 Bc8 25. e6 Rd6 26. Bxg6 $1 hxg6 27. Nxg6 Qh6 $2 (27... Qg5 28. Nxf8 Kxf8) 28. Nxf8 $2 (28. Ne7+ Kh7 29. Nf5 (29. Nxc8 Rxe6 30. Qg2 Rg8 $16)) 28... Qxf8 $18 {[#]} 29. g5 $1 {[%cal Rg5f6]} Rxe6 {[#]} 30. gxf6 $1 Rxf6 31. Qg2+ $2 ({Only move:} 31. Rxf6 $18 Nxf6 32. Qe5 Qg7+ 33. Kh2 Bxh3 34. Kxh3 Qh6+ 35. Kg2 Qg6+ 36. Kh3 Qh7+ 37. Kg2 Qe4+ 38. Kh3 Qh7+ 39. Kg2 Qg6+ 40. Qg3) 31... Kh7 $11 32. Qc2+ Kh6 33. Rf4 Rg6+ $2 {[%mdl 8192] [#]} (33... Rxf4 $11 34. Rxf4 Qg7+ 35. Kh2 Nf6) 34. Qxg6+ $1 {[%mdl 512] Precision: White = 49%, Black = 25%.} 1-0

[Event "Kathmandu Open 2018"]
[Site "Kathmandu"]
[Date "2018.04.14"]
[Round "4"]
[White "Navalgund, Niranjan"]
[Black "Greenfeld, Alon"]
[Result "0-1"]
[WhiteElo "2286"]
[BlackElo "2490"]
[Annotator "TA"]
[PlyCount "58"]
[EventDate "2018.??.??"]
[EventType "swiss"]
[EventCountry "NEP"]
[SourceTitle "playchess.com"]
[Source "ChessBase"]
[SourceQuality "1"]

{[%evp 32,58,13,0,0,-25,-25,-17,-16,-39,-32,-183,-183,-285,-262,-302,-303,-372,-377,-388,-393,-1857,-1830,-1678,-1681,-1548,-1484,-29997,-235]} 1. d4 Nf6 2. c4 g6 3. Nc3 d5 4. cxd5 Nxd5 5. e4 Nxc3 6. bxc3 Bg7 {[%cal Bf8g7,Bg7e5,Be5c7][%mdl 32]} 7. Nf3 c5 8. Rb1 O-O 9. Be2 Nc6 10. d5 Ne5 11. Nxe5 Bxe5 12. Qd2 e6 13. f4 Bc7 14. O-O exd5 15. exd5 Ba5 16. d6 Rb8 {D85: Exchange Grünfeld: Unusual White 7th moves and lines with 7 Nf3} 17. Rb5 {LiveBook: 13 Games} Bd7 (17... b6 18. Rxa5 bxa5 19. Ba3 Re8 20. Bxc5 Bf5 21. c4 Rc8 22. Be3 Rxe3 23. Qxe3 Qxd6 24. Rd1 {½-½ (64) Pert,N (2568)-Howell,D (2644) London 2016}) 18. Rxa5 Qxa5 {[#]Black has an edge.} 19. f5 $1 {[%cal Rf5f6][%mdl 512] f6 is the strong threat.} c4 $1 {Strongly threatening ...Qc5+.} (19... Bxf5 $2 20. Rxf5 $1 {[%mdl 512]} Rbe8 21. Rf1 $18) 20. f6 {White threatens Qh6 and mate.} Kh8 $146 ({Predecessor:} 20... Qc5+ 21. Kh1 Kh8 22. Qh6 Rg8 23. Bg5 Qe5 24. Bxc4 {½-½ (34) Bormida,A (2283)-Peto,P (2066) IECG email 2001}) 21. Qh6 $2 (21. Bxc4 $15 Qc5+ 22. Qd4 Qxd4+ 23. cxd4) 21... Rg8 $19 22. Bg5 (22. Qd2 {was worth a try.} Qc5+ 23. Qe3 Qxe3+ 24. Bxe3) 22... Qe5 ({But not} 22... Qxa2 23. Bf3 $19) (22... Qxc3 23. Rf4 $11) 23. Rf2 Rbe8 ({Not} 23... Qxd6 24. Bf4 $15) ({Weaker is} 23... Qxc3 24. Rf4 $11) 24. h3 Qc5 25. Kf1 {And now Rf4 would win.} Qb6 26. Rf4 $2 (26. Rf3) 26... Qb1+ 27. Kf2 {[#]} Rxe2+ $1 {[%mdl 512]} 28. Kxe2 {[#]} Re8+ $1 29. Kf3 Qd3+ {Precision: White = 22%, Black = 100%.} 0-1

[Event "Kathmandu Open 2018"]
[Site "Kathmandu"]
[Date "2018.04.14"]
[Round "4"]
[White "Deshmukh, Anup"]
[Black "Gusain, Himal"]
[Result "1/2-1/2"]
[WhiteElo "2282"]
[BlackElo "2413"]
[Annotator "TA"]
[PlyCount "72"]
[EventDate "2018.??.??"]
[EventType "swiss"]
[EventCountry "NEP"]
[SourceTitle "playchess.com"]
[Source "ChessBase"]
[SourceQuality "1"]

{[%evp 12,72,-6,-19,-19,-41,-10,-10,-12,-23,-21,-19,-9,-35,-31,-81,-12,-21,-22,-18,0,0,0,0,0,0,23,5,29,31,42,20,40,0,12,0,0,0,0,0,0,-7,15,6,8,9,20,0,0,0,0,0,26,3,54,42,80,0,48,33,61,68,56]} 1. c4 e6 2. Nf3 d5 3. e3 Nf6 4. a3 (4. Nc3 Be7 5. b3 O-O 6. Bb2 dxc4 7. bxc4 c5 8. Rg1 Nc6 9. g4 a6 10. g5 Ne8 11. h4 Nd6 12. h5 f5 13. Be2 Rb8 14. a4 {1-0 (35) Grischuk,A (2767)-Kramnik,V (2800) Moscow 2018}) 4... Bd6 5. d4 b6 6. Nc3 {A13: English Opening: 1...e6} O-O 7. Qc2 {LiveBook: 3 Games} c5 8. Be2 $146 {The position is equal.} ({Predecessor:} 8. cxd5 exd5 9. Be2 Nc6 10. O-O cxd4 11. Nb5 {½-½ (93) Sergeev,V (2488)-Heberla,B (2484) Ceska Trebova 2007}) 8... Bb7 9. dxc5 bxc5 10. cxd5 exd5 11. O-O Nbd7 12. Rd1 Rc8 13. Qf5 a6 (13... Re8 $17) 14. b3 $11 Qe7 {next ...d4! is good for Black.} 15. Bb2 {[%cal Rc3d5]} Rfe8 16. Nxd5 Bxd5 17. Rxd5 Nxd5 18. Qxd5 Nf6 (18... Nb6 {is interesting.} 19. Qd2 c4 20. b4 Qe6 21. Rc1 Be7) 19. Qf5 Rc6 20. Bc4 h6 21. Qd3 {[%mdl 1024] White has compensation.} Rd8 {aiming for ...Bxh2+!} 22. Qe2 a5 23. a4 Bc7 24. Re1 Ne4 25. g3 Rcd6 {...Rd2! is the strong threat.} 26. Ba1 Nd2 27. Nxd2 Rxd2 28. Qf3 R8d7 29. Rf1 Be5 30. Bxe5 Qxe5 31. Qa8+ Kh7 32. Qxa5 Rb2 (32... Qf5 $11) 33. Qa8 Qf5 {[#] And now ...Rd1! would win.} 34. Kg2 ({White should try} 34. e4 $1 $16 {[%cal Re4f5]} Qf6 35. Qc8) 34... Rdd2 {[%cal Rd2f2]} (34... Rd1 $5 {[%cal Rd1f1]} 35. e4 {[#]} (35. Rxd1 $2 {is the wrong capture.} Qxf2+ 36. Kh3 Qxh2+ 37. Kg4 h5+ 38. Kf4 Rf2+ 39. Ke5 Qxg3+ 40. Kd5 Qf3+ 41. e4 Qxd1+ $19) 35... Qf6 $1 $16 {[%mdl 512]}) 35. Qf3 Qxf3+ 36. Kxf3 Kg6 {Precision: White = 53%, Black = 39%.} 1/2-1/2